Hệ thống hoá các văn bản pháp luật mới về doanh nghiệp

שמור ב:
מידע ביבליוגרפי
פורמט: ספר
שפה:Vietnamese
יצא לאור: Lao động - xã hội 2004
תגים: הוספת תג
אין תגיות, היה/י הראשונ/ה לתייג את הרשומה!
Thư viện lưu trữ: Mạng thư viện Đại học Đà Nẵng
LEADER 00672nam a2200241 4500
001 000020640
003 17086
005 20150324100312.0
008 150324s2004 viesd
020 |c 275000 
041 0 |a vie 
082 1 4 |a 346.06  |b Hê-T 
245 1 0 |a Hệ thống hoá các văn bản pháp luật mới về doanh nghiệp  |c Đào Thanh Hải (sưu tầm và tuyển chọn) 
260 |b Lao động - xã hội  |c 2004 
300 |a tr.  |c cm. 
OWN |a LSP 
999 |a From the UDN01 
TYP |a Monograph 
TYP |a Printed language 
980 |a Mạng thư viện Đại học Đà Nẵng